|
|
|
|
| LEADER |
00000cam a2200000 7i4500 |
| 001 |
0000004226 |
| 002 |
000004543 |
| 005 |
20000330.0 |
| 020 |
|
|
|a 0563215054
|
| 090 |
0 |
0 |
|a 070.50285
|b QUI
|
| 100 |
1 |
|
|a Quilliam, Susan
|
| 245 |
1 |
0 |
|a Into Print :
|b How to make desktop publishing work for you
|c Susan Quilliam and Ian Grove-Stephensen
|
| 260 |
|
|
|a London :
|b BBC Books ,
|c 1990
|
| 300 |
|
|
|a 224 p. ;
|c 22 cm.
|
| 650 |
0 |
0 |
|a Desktop publishing
|
| 700 |
1 |
|
|a Grove-Stephensen, Ian
|
| 999 |
|
|
|a 031243
|b BUKU
|c PINJAMAN
|e PERPUSTAKAAN KOMUNITI PETALING JAYA
|
| 999 |
|
|
|a 031244
|b BUKU
|c PINJAMAN
|e PERPUSTAKAAN KOMUNITI PETALING JAYA
|